मारिशस की हिन्दी कहानी में व्यक्त सामाजिक चेतना (Record no. 59683)
[ view plain ]
| 000 -LEADER | |
|---|---|
| fixed length control field | 00572nam a22001457a 4500 |
| 003 - CONTROL NUMBER IDENTIFIER | |
| control field | MACL |
| 005 - DATE AND TIME OF LATEST TRANSACTION | |
| control field | 20190504155031.0 |
| 008 - FIXED-LENGTH DATA ELEMENTS--GENERAL INFORMATION | |
| fixed length control field | 190504b xxu||||| |||| 00| 0 eng d |
| 040 ## - CATALOGING SOURCE | |
| Transcribing agency | MACL |
| 100 ## - MAIN ENTRY--PERSONAL NAME | |
| Personal name | निर्मम,डॉ. हेमराज |
| 9 (RLIN) | 74757 |
| 245 ## - TITLE STATEMENT | |
| Title | मारिशस की हिन्दी कहानी में व्यक्त सामाजिक चेतना |
| 260 ## - PUBLICATION, DISTRIBUTION, ETC. (IMPRINT) | |
| Place of publication, distribution, etc. | दिल्ली |
| Name of publisher, distributor, etc. | शिल्पी प्रकशन |
| Date of publication, distribution, etc. | 2015 |
| 650 ## - SUBJECT ADDED ENTRY--TOPICAL TERM | |
| Topical term or geographic name as entry element | कहानी साहित्य |
| 9 (RLIN) | 69293 |
| 942 ## - ADDED ENTRY ELEMENTS (KOHA) | |
| Source of classification or shelving scheme | |
| Koha item type | Hindi Books |
| Withdrawn status | Lost status | Source of classification or shelving scheme | Damaged status | Not for loan | Home library | Current library | Date acquired | Cost, normal purchase price | Total Checkouts | Full call number | Barcode | Date last seen | Price effective from | Koha item type |
|---|---|---|---|---|---|---|---|---|---|---|---|---|---|---|
| MACL | MACL | 04/05/2019 | 650.00 | 800 | CRH035136 | 04/05/2019 | 04/05/2019 | Hindi Books |









